Villes de France par images 4 - Statistiques

Statistiques générales
  • Ce quiz a été pris 494 fois
  • Le résultat moyen est 4 sur 20
Statistiques - réponses
Par images Réponse % Correct
Colmar
72%
Versailles
61%
Saint-Malo
46%
Sète
33%
Roubaix
29%
Vincennes
19%
Laval
15%
Castres
14%
Agen
12%
Dax
12%
Dieppe
10%
Mont-de-Marsan
10%
Verdun
10%
Sedan
8%
Alès
6%
Charleville-Mézières
6%
Colombes
6%
Hyères
6%
Aubagne
3%
Sarcelles
2%
Aucun quiz correspondant
Distribution des résultats
% des personnes avec chaque résultat
Percentile par nombre de réponses
Votre historique - résultats
Vous n’avez pas pris ce quiz